Entre "arriba" y "abajo": la experiencia transnacional de la migración de costarricense hacia Estados Unidos /

En este texto se analizan de qué maneras se constituyen los espacios transnacionales sobre la base de la estructuración capitalista neoliberal tomando como referencia las localidades de Los Santos, Pérez Zeledón (Costa Rica) y Bound Brook (New Jersey), y cómo en dicho proceso se establecen nuevas re...

全面介紹

Guardado en:
書目詳細資料
主要作者: Caamaño Morúa, Carmen
格式: 未知
語言:Spanish
出版: Costa Rica : Editorial UCR; Instituto de Investigaciones Sociales, 2010
主題:
標簽: 添加標簽
沒有標簽, 成為第一個標記此記錄!

MARC

LEADER 00000 a2200000 04500
001 40294
003 cru CIDCACS/IIS
005 20221027173022.0
008 050702s2010 cr spa d
020 |a 978-9968-46-235-8  
040 |c cru CIDCACS/IIS 
090 |a 14.07.01 C 111e  
100 |a Caamaño Morúa, Carmen  
245 |a Entre "arriba" y "abajo": la experiencia transnacional de la migración de costarricense hacia Estados Unidos /   |c Carmen Caamaño Morúa  
260 |a Costa Rica :   |b Editorial UCR; Instituto de Investigaciones Sociales,   |c 2010 
300 |a 376 páginas  
520 |a En este texto se analizan de qué maneras se constituyen los espacios transnacionales sobre la base de la estructuración capitalista neoliberal tomando como referencia las localidades de Los Santos, Pérez Zeledón (Costa Rica) y Bound Brook (New Jersey), y cómo en dicho proceso se establecen nuevas relaciones entre el Estado y la sociedad civil, se modelan las relaciones de clase, se establecen prácticas de consumo que reafirman valores nacionales y de género, se desarrollan nuevas dinámicas de reproducción social de la fuerza de trabajo y se constituyen nuevas subjetividades, constituidas éstas en un campo flexible, fluido y contradictorio.  
590 |a DISEMINAR102010/RRH/OCTUBRE2010 
650 |a MIGRACION  
650 |a GLOBALIZACION  
650 |a CONSUMO  
650 |a SUBJETIVIDAD  
650 |a ESTADO-NACION  
650 |a FUERZA DE TRABAJO  
650 |a COSTA RICA  
650 |a ESTADOS UNIDOS  
942 |2 z  |c LI 
999 |c 16025  |d 16025